000 00552nam a2200181 i 4500
001 89649
003 ES-MaACL
005 20250717062046.0
007 t|
008 050112s1918 fr ||||1| fre d
100 1 _aLasserre, Pierre.
_970470
245 1 0 _aFrédéric Mistral poéte, moraliste, citoyen /
_cPierre Lasserre.
260 _aParís :
_b[s.n.,
_c1918] (
_eChartres :
_fImp. Durand)
300 _a286 p. ;
_c19 cm.
600 1 4 _aMistral, Frédéric,
_d1830-1914
_981664
852 _aES-MaACL
_jF-11139
999 _c89649
_d89649